000 01490nam a2200361 a 4500
001 ebr10676431
003 CaPaEBR
006 m u
007 cr cn|||||||||
008 090127s2009 nyua sb 001 0 eng d
010 _z 2009003386
020 _z9781606929445 (softcover)
020 _z9781614705994 (e-book)
040 _aCaPaEBR
_cCaPaEBR
035 _a(OCoLC)768119668
050 1 4 _aRC271.R3
_bS585 2009eb
082 0 4 _a616.99/40642
_222
100 1 _aSivaev, Igor B.
245 1 0 _aPolyhedral boron hydrides in use
_h[electronic resource] :
_bcurrent status and perspectives /
_cIgor B. Sivaev and Vladimir I. Bregadze.
260 _aNew York :
_bNova Science Publishers, Inc.,
_cc2009.
300 _a85 p. :
_bill.
490 1 _aNovinka
504 _aIncludes bibliographical references (p. [55]-78) and index.
505 0 _aMain types of polyhedral boron hydrides : synthesis and properties -- Application of polyhedral boron hydrides.
533 _aElectronic reproduction.
_bPalo Alto, Calif. :
_cebrary,
_d2013.
_nAvailable via World Wide Web.
_nAccess may be limited to ebrary affiliated libraries.
650 0 _aBoron-neutron capture therapy.
650 0 _aBoron compounds.
655 7 _aElectronic books.
_2local
700 1 _aBregadze, Vladimir I.
710 2 _aebrary, Inc.
830 0 _aNovinka (Series)
856 4 0 _uhttp://site.ebrary.com/lib/rucke/Doc?id=10676431
_zAn electronic book accessible through the World Wide Web; click to view
999 _c166335
_d166335